Statistics for How Well Do You Know Percy Jackson?

Click here to take the quiz!

General Stats

  • This quiz has been taken 220 times
  • The average score is 16 of 25

Answer Stats

Hint Answer % Correct
Who is Annabeth's mother?Athena
99%
Who is Clarisse's father?Ares
99%
How many Olympians are there?12
94%
Who is the wife of Zeus?Hera
92%
What sort of creature is Mr. Brunner?Centaur
91%
What sort of creature is Grover?Satyr
90%
What is Mr. D’s full name?Dionysus
89%
Who is the Greek lord of the dead?Hades
84%
Who is Dionysus’s father?Zeus
83%
What type of tree is on top of Half-Blood Hill?pine
82%
What is Smelly Gabe’s last name?Ugliano
73%
What is Dionysus restricted from?wine
73%
What part of the Big House seems mysterious to Percy?attic
70%
What is the name of Percy’s boarding school in The Lightning Thief?Yancy Academy
67%
Name one thing that Hermes is the god oftravelers, thieves, merchants, roads
62%
What does Percy use to defeat Clarisse when she tries to bully him?toilets, plumbing or water
62%
What sort of animal head hangs above Ares’ cabin?boar
58%
Who was Zeus’ mother, who hid him from Kronos?Rhea
57%
What sort of creature tried to attack young Percy when he was taking a nap in daycare?snake
52%
Where do Percy and his mother like to go on vacation?Montauk
43%
In The Lightning Thief, according to Percy’s mom, how did his dad disappear?lost at sea
30%
Aside from pinochle, what is another game Dionysus considers the greatest human achievement?gladiator fighting or Pacman
29%
What lives in the canoe lake?Naiads
27%
What is the pattern on Mr. D’s shirt in The Lightning Thief?tiger
20%
Chiron says there is a statue of what Greek mythological figure in Rockefeller Center?Prometheus
11%

Score Distribution

Percentile by Number Answered

Percent of People with Each Score

Your Score History

You have not taken this quiz